000 00494nmm a2200145Ia 4500
008 251105s9999||||xx |||||||||||||||||und||
041 _aspa
100 _aOaks, Lambert
245 0 _aGuía para la vida de Tyrion Lannister :
_b Manual para supervivientes del personaje más carismático de Juego de Tronos
264 _a[Madrid, España] :
_bEdiciones B,
_c2015
300 _a232 páginas
650 _aFilm studies
856 _uhttps://public.digitaliapublishing.com/a/54176
942 _cCF
999 _c105320
_d105320